00626nam a22001817a 4500003000400000008004100004020001800045100001800063245008300081260003800164300001000202650002500212700001700237700001400254942001200268999001700280952014700297OSt250227b |||||||| |||| 00| 0 eng d a9789348140821 aGOYAL, Mamta  aUnlocking Docker: A Comprehensive Guide to Containerization and Future Trends  aNew Delhi bNaples Indian c2024. a313p. aFaculty Publication  aRajat Yadav  aVijender  2ddccBK c13159d13159 00102ddc40708Faculty PublicationaPIETbPIETd2025-02-27eNaples IndiafINRg380.00l0p38662r2025-02-27 00:00:00v380.00w2025-02-04yBK